00756nam a2200181Ia 4500008004100000041001200041082001800053100001600071245005400087260003300141300000800174650001800182700001800200942000700218999001500225952016300240952017100403221030s9999 xx 000 0 und d aEnglish a105.23bSingh aB. P. Singh 0aGeneral Managementcby B. P. Singh, T. N. Chhabra bDhanpat Rai PubaDelhic1994 a499 aBE Management aT. N. Chhabra cBK c3274d3274 pBE 5371g50.00l0o105.23 Singhr2024-06-13 00:00:00w2022-10-30yBK003Print4071aMIETLIBbMIETLIBcBL-Second, FL-1, CUP-157, SH-3, R-3d2002-06-0710HBE pBE 5372g50.00l0o105.23 Sinr2024-06-13 00:00:00w2022-10-30yBK003Print4070aMIETLIBbMIETLIBcBL-Academic Block- A, FL-1, CUP-69, SH-1, R-1d2002-06-0710HBE